Disturbed Songs - Statistics

General Stats
  • This quiz has been taken 76 times
    71 since last reset
  • The average score is 35 of 117
Answer Stats
Album Song % Correct
The Sickness (2000) Down with the Sickness
81%
Indestructible (2008) Indestructible
81%
Ten Thousand Fists (2005) Ten Thousand Fists
76%
Ten Thousand Fists (2005) Stricken
67%
Indestructible (2008) The Night
67%
Immortalized (2015) The Sound of Silence
67%
Asylum (2010) Asylum
62%
Indestructible (2008) Inside the Fire
62%
Immortalized (2015) The Vengeful One
62%
Ten Thousand Fists (2005) Land of Confusion
57%
The Sickness (2000) Stupify
57%
Ten Thousand Fists (2005) Decadence
52%
Immortalized (2015) Immortalized
52%
Believe (2002) Prayer
52%
The Sickness (2000) The Game
52%
Believe (2002) Believe
43%
Divisive (2022) Divisive
43%
Believe (2002) Liberate
43%
Asylum (2010) The Animal
43%
Ten Thousand Fists (2005) Avarice
38%
Indestructible (2008) Criminal
38%
Indestructible (2008) Façade
38%
Immortalized (2015) The Eye of the Storm
38%
The Sickness (2000) Violence Fetish
38%
The Sickness (2000) Voices
38%
Evolution (2018) A Reason to Fight
33%
The Sickness (2000) Conflict
33%
Believe (2002) Darkness
33%
Indestructible (2008) Deceiver
33%
Ten Thousand Fists (2005) Deify
33%
Indestructible (2008) Divide
33%
The Sickness (2000) Droppin' Plates
33%
Indestructible (2008) Enough
33%
The Sickness (2000) Fear
33%
Ten Thousand Fists (2005) Guarded
33%
The Lost Children (2011) Hell
33%
The Sickness (2000) Numb
33%
Immortalized (2015) Open Your Eyes
33%
Ten Thousand Fists (2005) Overburdened
33%
Indestructible (2008) Perfect Insanity
33%
Asylum (2010) Remnants
33%
Asylum (2010) Serpentine
33%
The Sickness (2000) Shout 2000
33%
Indestructible (2008) Torn
33%
Immortalized (2015) Who
33%
Immortalized (2015) Who Taught You How to Hate
33%
The Lost Children (2011) 3
29%
Asylum (2010) Another Way to Die
29%
Evolution (2018) Are You Ready
29%
Believe (2002) Awaken
29%
Believe (2002) Breathe
29%
Indestructible (2008) Haunted
29%
Ten Thousand Fists (2005) I'm Alive
29%
The Sickness (2000) Meaning of Life
29%
Believe (2002) Mistress
29%
Ten Thousand Fists (2005) Pain Redefined
29%
Believe (2002) Rise
29%
Asylum (2010) Sacrifice
29%
Immortalized (2015) Save Our Last Goodbye
29%
Ten Thousand Fists (2005) Sons of Plunder
29%
Indestructible (2008) The Curse
29%
Asylum (2010) The Infection
29%
Divisive (2022) Unstoppable
29%
The Sickness (2000) Want
29%
Asylum (2010) Warrior
29%
Believe (2002) Bound
24%
Asylum (2010) Crucified
24%
Believe (2002) Devour
24%
Ten Thousand Fists (2005) Forgiven
24%
The Lost Children (2011) God Of The Mind
24%
Divisive (2022) Hey You
24%
Believe (2002) Intoxication
24%
Ten Thousand Fists (2005) Just Stop
24%
Immortalized (2015) Legion of Monsters
24%
The Lost Children (2011) Living After Midnight
24%
The Lost Children (2011) Monster
24%
Asylum (2010) My Child
24%
Asylum (2010) Never Again
24%
Evolution (2018) No More
24%
Believe (2002) Remember
24%
Ten Thousand Fists (2005) Sacred Lie
24%
Immortalized (2015) Tyrant
24%
Evolution (2018) Watch You Burn
24%
Immortalized (2015) You're Mine
24%
Divisive (2022) Bad Man
19%
Divisive (2022) Don't Tell Me
19%
Immortalized (2015) Fire It Up
19%
Evolution (2018) In Another Time
19%
Asylum (2010) Innocence
19%
Asylum (2010) ISHFWILF
19%
Immortalized (2015) Never Wrong
19%
Evolution (2018) Saviour of Nothing
19%
Immortalized (2015) The Brave and the Bold
19%
Immortalized (2015) The Light
19%
Evolution (2018) This Venom
19%
The Lost Children (2011) Two Worlds
19%
Immortalized (2015) What Are You Waiting For
19%
Evolution (2018) Already Gone
14%
Evolution (2018) Hold on to Memories
14%
The Lost Children (2011) Midlife Crisis
14%
The Lost Children (2011) Parasite
14%
The Lost Children (2011) Sickened
14%
Divisive (2022) Take Back Your Life
14%
Evolution (2018) The Best Ones Lie
14%
Evolution (2018) Uninvited Guest
14%
The Lost Children (2011) A Welcome Burden
10%
The Lost Children (2011) Dehumanized
10%
Divisive (2022) Feeding the Fire
10%
The Lost Children (2011) Old Friend
10%
Divisive (2022) Part of Me
10%
The Lost Children (2011) Run
10%
The Lost Children (2011) This Moment
10%
Divisive (2022) Won't Back Down
10%
The Lost Children (2011) Leave It Alone
5%
Divisive (2022) Love to Hate
5%
The Lost Children (2011) Mine
5%
Evolution (2018) Stronger on Your Own
5%
No matching quizzes found
Score Distribution
Percent of People with Each Score
Percentile by Number Answered
Your Score History
You have not taken this quiz since the last reset